000 00945nam a2200301 i 4500
001 000038811
003 DO-SdBNP
005 20240530073921.0
007 ta
008 130425s1993 dr r 000 f spa d
040 _aDO-SdBNP
_bspa
_cBNPHU
_erda
082 4 _aRD863.44
_bS474qu, 1993
_222
100 1 _aSención, Viriato,
_d1941-
_927776
245 1 4 _aLos que falsificaron la firma de Dios /
_cViriato Sención.
250 _aTercera edición
264 _aSanto Domingo :
_bTaller,
_c1993.
300 _a323 páginas ;
_c22 cm.
336 _2rdacontent
_atexto
_btxt
337 _2rdamedia
_asin mediación
_bn
338 _2rdacarrier
_avolumen
_bnc
490 0 _aBiblioteca Taller
_v288
500 _aIncluye datos biográficos del autor
590 _aInventariado, 2020/ YL
650 0 _aNovela dominicana
_9223
650 0 _aLiteratura dominicana.
_967
910 _aYLockward/Validado. Control de calidad MFF
942 _2ddc
_cLBS1
999 _c38301
_d38301